| 000 | 00588cam a22002053a 4500 | ||
|---|---|---|---|
| 001 | 41770 | ||
| 003 | PGUSA | ||
| 005 | 20140828083937.0 | ||
| 008 | 130103s2013||||xxu|||||s|||||000 | eng d | ||
| 040 |
_aPGUSA _beng |
||
| 042 | _adc | ||
| 100 | 1 | _aSaleeby, Najeeb M. | |
| 245 | 1 | 0 |
_aStudies in Moro History, Law, and Religion _h[electronic resource] / _cNajeeb M. Saleeby |
| 260 |
_bProject Gutenberg, _c2013 |
||
| 506 | _aPublic domain in the USA. | ||
| 516 | _aElectronic text | ||
| 830 | 0 |
_aProject Gutenberg _v41770 |
|
| 856 | 4 | 0 | _uhttp://www.gutenberg.org/ebooks/41770 |
| 942 | _cEB | ||
| 999 |
_c271022 _d271022 |
||